Normal view
MARC view
- Jamsa, Kris,Wright, Charles
Entry Personal Name
001 - CONTROL NUMBER
- control field: 60748
003 - CONTROL NUMBER IDENTIFIER
- control field: NUST
005 - DATE AND TIME OF LATEST TRANSACTION
- control field: 20210628202620.0
008 - FIXED-LENGTH DATA ELEMENTS
- fixed length control field: 210628|| aca||aabn | a|a d
040 ## - CATALOGING SOURCE
- Original cataloging agency: NUST
- Transcribing agency: NUST
100 ## - HEADING--PERSONAL NAME
- Personal name: Jamsa, Kris,Wright, Charles
670 ## - SOURCE DATA FOUND
- Source citation: Work cat.: (NUST): Jamsa, Kris,Wright, Charles, C tips and techniques, 2002
